Sequential Map of Europe - Whammies - Statistics

General Stats
  • This quiz has been taken 911 times
  • The average score is 18 of 45
Answers on the Map
Answers color-coded by a green-red scale on the quiz's map according to % correct below.
 
Answer Stats
Country % Correct
Russia
45%
Ukraine
45%
Portugal
44%
Spain
44%
Austria
43%
Finland
43%
United Kingdom
43%
Belarus
42%
Croatia
42%
Denmark
42%
Malta
42%
Moldova
42%
Switzerland
42%
Albania
41%
Belgium
41%
Bosnia and Herzegovina
41%
France
41%
Germany
41%
Greece
41%
Italy
41%
North Macedonia
41%
Norway
41%
Serbia
41%
Bulgaria
40%
Estonia
40%
Iceland
40%
Ireland
40%
Liechtenstein
40%
Lithuania
40%
Luxembourg
40%
Poland
40%
Romania
40%
Slovenia
40%
Sweden
40%
Czech Republic
39%
Latvia
39%
Netherlands
39%
Hungary
38%
Kosovo
38%
Slovakia
38%
Andorra
37%
Montenegro
37%
San Marino
37%
Monaco
35%
Vatican City
35%
No matching quizzes found
Score Distribution
Percent of People with Each Score
Percentile by Number Answered
Your Score History
You have not taken this quiz